000 00333nam a2200133Ia 4500
008 240624s9999 xx 000 0 und d
041 _aeng
082 _a302.35 SIN
100 _aSINHA JAI B P
245 _aPATTERNS OF WORK CULTURE CASES AND STRAT
260 _c2000
_aNew Delhi
_bSage
300 _a260 : p. : cm. ; 24
365 _cRS
999 _c1072
_d1072